| 000 | 00543nam a22001937a 4500 | ||
|---|---|---|---|
| 005 | 20240321132159.0 | ||
| 008 | 240321b |||||||| |||| 00| 0 eng d | ||
| 020 | _a9780199229093 | ||
| 082 |
_a611 _bROM-C |
||
| 100 | _aRomanes G.J | ||
| 245 |
_aCunningham's Manual of Practical Anatomy / _bUpper and Lower Limbs : _cRomanes G.J |
||
| 250 | _a15th ed. | ||
| 260 |
_aPakistan : _bAmeena saiyid ; _c2010. |
||
| 300 |
_a263p. : _bill ; _c27 cm. |
||
| 490 | _vvol 1 : | ||
| 500 | _aInclude Index . | ||
| 650 | _aMedical / Anatomy | ||
| 999 |
_c35428 _d35428 |
||